MARC details
| 000 -LEADER |
| fixed length control field |
01571cam a2200397 i 4500 |
| 001 - CONTROL NUMBER |
| control field |
on1061817692 |
| 003 - CONTROL NUMBER IDENTIFIER |
| control field |
OCoLC |
| 005 - DATE AND TIME OF LATEST TRANSACTION |
| control field |
20250902010800.0 |
| 008 - FIXED-LENGTH DATA ELEMENTS--GENERAL INFORMATION |
| fixed length control field |
181109s2019 wau b 000 1 eng d |
| 020 ## - INTERNATIONAL STANDARD BOOK NUMBER |
| International Standard Book Number |
9781503904262 |
| Qualifying information |
(hardcover) |
| 020 ## - INTERNATIONAL STANDARD BOOK NUMBER |
| International Standard Book Number |
1503904261 |
| Qualifying information |
(hardcover) |
| 020 ## - INTERNATIONAL STANDARD BOOK NUMBER |
| International Standard Book Number |
9781503900950 |
| Qualifying information |
(paperback) |
| 020 ## - INTERNATIONAL STANDARD BOOK NUMBER |
| International Standard Book Number |
1503900959 |
| Qualifying information |
(paperback) |
| 035 ## - SYSTEM CONTROL NUMBER |
| System control number |
(OCoLC)1061817692 |
| 040 ## - CATALOGING SOURCE |
| Original cataloging agency |
YDX |
| Language of cataloging |
eng |
| Description conventions |
rda |
| Transcribing agency |
YDX |
| Modifying agency |
BDX |
| -- |
AUIRC |
| -- |
UKMGB |
| -- |
OCLCO |
| -- |
TXNPS |
| -- |
OCLCQ |
| -- |
OCLCO |
| -- |
OCLCF |
| -- |
YDX |
| -- |
PX0 |
| -- |
TnLvILS |
| 100 1# - MAIN ENTRY--PERSONAL NAME |
| Personal name |
Eisler, Barry, |
| Relator term |
author. |
| 245 14 - TITLE STATEMENT |
| Title |
The killer collective / |
| Statement of responsibility, etc. |
Barry Eisler. |
| 250 ## - EDITION STATEMENT |
| Edition statement |
First edition. |
| 264 #1 - PRODUCTION, PUBLICATION, DISTRIBUTION, MANUFACTURE, AND COPYRIGHT NOTICE |
| Place of production, publication, distribution, manufacture |
Seattle : |
| Name of producer, publisher, distributor, manufacturer |
Thomas & Mercer, |
| Date of production, publication, distribution, manufacture, or copyright notice |
[2019] |
| 300 ## - PHYSICAL DESCRIPTION |
| Extent |
401 pages ; |
| Dimensions |
22 cm. |
| 336 ## - CONTENT TYPE |
| Content type term |
text |
| Content type code |
txt |
| Source |
rdacontent. |
| 337 ## - MEDIA TYPE |
| Media type term |
unmediated |
| Media type code |
n |
| Source |
rdamedia. |
| 338 ## - CARRIER TYPE |
| Carrier type term |
volume |
| Carrier type code |
nc |
| Source |
rdacarrier. |
| 490 1# - SERIES STATEMENT |
| Series statement |
John Rain ; |
| Volume/sequential designation |
Book 10. |
| 504 ## - BIBLIOGRAPHY, ETC. NOTE |
| Bibliography, etc |
Includes bibliographical references. |
| 520 ## - SUMMARY, ETC. |
| Summary, etc. |
When a joint FBI-Seattle Police investigation into an international child pornography ring gets too close to powerful enemies, sex-crimes detective Livia Lone becomes the target of a hit that barely goes awry, and suspects that the FBI itself was behind it. |
| 650 #0 - SUBJECT ADDED ENTRY--TOPICAL TERM |
| Topical term or geographic name as entry element |
Rain, John (Fictitious character) |
| Form subdivision |
Fiction. |
| 650 #0 - SUBJECT ADDED ENTRY--TOPICAL TERM |
| Topical term or geographic name as entry element |
Women detectives |
| Form subdivision |
Fiction. |
| 650 #0 - SUBJECT ADDED ENTRY--TOPICAL TERM |
| Topical term or geographic name as entry element |
Sex crimes |
| General subdivision |
Investigation |
| Form subdivision |
Fiction. |
| 650 #0 - SUBJECT ADDED ENTRY--TOPICAL TERM |
| Topical term or geographic name as entry element |
Assassins |
| Form subdivision |
Fiction. |
| 655 #7 - INDEX TERM--GENRE/FORM |
| Genre/form data or focus term |
Thrillers (Fiction) |
| Source of term |
lcgft. |
| 655 #7 - INDEX TERM--GENRE/FORM |
| Genre/form data or focus term |
Political fiction. |
| Source of term |
lcgft. |
| 800 1# - SERIES ADDED ENTRY--PERSONAL NAME |
| Personal name |
Eisler, Barry. |
| Title of a work |
John Rain novel ; |
| Volume/sequential designation |
bk. 10. |
| 907 ## - LOCAL DATA ELEMENT G, LDG (RLIN) |
| a |
.b399079671 |
| 942 ## - ADDED ENTRY ELEMENTS (KOHA) |
| Koha item type |
Libro/Book |